| 000 | 00592cam a22002058i 4500 | ||
|---|---|---|---|
| 999 |
_c12624 _d12624 |
||
| 003 | OSt | ||
| 005 | 20240430195956.0 | ||
| 008 | 170714s2018 nyu b 001 0 eng | ||
| 020 | _a9781472483232 (pbk. : alk. paper) | ||
| 082 | 0 | 0 |
_a700 _223 |
| 100 | 1 |
_aMacken, Marian, _eauthor. |
|
| 245 | 1 | 0 |
_aBinding space : _bthe book as spatial practice / _cMarian Macken. |
| 263 | _a1801 | ||
| 300 | _apages cm | ||
| 504 | _aIncludes bibliographical references and index. | ||
| 650 | 0 | _aArtists' books. | |
| 650 | 0 | _aArt and architecture. | |
| 650 | 0 | _aSpace (Architecture) in art. | |
| 942 | _2ddc | ||